Sociálne služby vo väzbe na kvalitu života seniorov

Starnutie populácie ako civilizačná výzva. Východiská a medzníky v procese modernizácie a transformácie systému sociálnych služieb v Slovenskej republike. Hlavné zámery v rozvoji sociálnych služieb na roky 2009-2013. Financovanie sociálnych služieb.

Na minha lista:
Detalhes bibliográficos
Autor principal: Husáková, Mária
Outros Autores: Sika, Peter, 1975-
Formato: Capítulo de Livro
Idioma:eslovaco
Assuntos:
Tags: Adicionar Tag
Sem tags, seja o primeiro a adicionar uma tag!

MARC

LEADER 00000naa a2200000 4500
001 0165313
005 20240502072900.3
041 0 |a slo 
044 |a SK 
245 1 0 |a Sociálne služby vo väzbe na kvalitu života seniorov  |c Mária Husáková, Peter Sika 
520 |a Starnutie populácie ako civilizačná výzva. Východiská a medzníky v procese modernizácie a transformácie systému sociálnych služieb v Slovenskej republike. Hlavné zámery v rozvoji sociálnych služieb na roky 2009-2013. Financovanie sociálnych služieb. 
610 2 0 |a Slovensko 
610 2 0 |a služby sociálne 
610 2 0 |a starnutie populácie 
610 2 0 |a financovanie 
610 2 0 |a politika sociálna 
100 1 |a Husáková, Mária 
700 1 |a Sika, Peter, 1975-